Le magistrat
محفوظ في:
| المؤلف الرئيسي: | |
|---|---|
| التنسيق: | كتاب |
| اللغة: | الفرنسية |
| منشور في: |
París
Librairie Académique Perrin
1967
|
| سلاسل: | Les Cas de Conscience
|
| الموضوعات: | |
| الوسوم: |
إضافة وسم
لا توجد وسوم, كن أول من يضع وسما على هذه التسجيلة!
|
MARC
| LEADER | 00000nam a2200000 a 4500 | ||
|---|---|---|---|
| 001 | UCS1023 | ||
| 003 | CL-VaPUC | ||
| 008 | 970506e19670000FR |||||||||||||||||fre|d | ||
| 082 | 0 | 4 | |a 347.014 |b ROU |2 21 |
| 100 | 0 | |a Rousselet, Marcel |e author |9 385005 | |
| 245 | 1 | 3 | |a Le magistrat |
| 300 | |a 411 p | ||
| 942 | |c BK | ||
| 945 | |d 19970506 00:00:00 |a paguirre | ||
| 260 | |a París |b Librairie Académique Perrin |c 1967 | ||
| 650 | 0 | |a Derecho procesal civil |9 258071 | |
| 650 | 0 | |a Jueces |9 256162 | |
| 650 | 0 | |a Jurisdicción |9 255090 | |
| 650 | 0 | |a Tribunales |9 254872 | |
| 583 | |a last modification |c 19970506 00:00:00 |k Rodrigo Vera | ||
| 490 | 0 | |a Les Cas de Conscience | |
| 999 | |c 259134 |d 259132 | ||
| 952 | |0 0 |1 0 |4 0 |6 347_014000000000000_ROU_1967 |7 0 |8 A |9 283710 |a BIBDER |b BIBDER |d 2019-11-19 |i 1841548 |o 347.014 ROU 1967 |p 1841548 |r 2023-01-25 |w 2019-11-19 |y BK |k DER | ||